تجليا ت (Record no. 170833)

MARC details
000 -LEADER
fixed length control field 00560nam a22001937a 4500
005 - DATE AND TIME OF LATEST TRANSACTION
control field 20191227111806.0
010 ## - LCCN (DPL NO)
LC control number 73315
020 ## - INTERNATIONAL STANDARD BOOK NUMBER
Terms of availability 2.00
International Standard Book Number -
035 ## - SYSTEM CONTROL NUMBER
System control number 73315
037 ## - SOURCE OF ACQUISITION
Source of stock number/acquisition BPPD
082 ## - DEWEY DECIMAL CLASSIFICATION NUMBER
Classification number 841
100 ## - MAIN ENTRY--PERSONAL NAME
Personal name مہر عثما نی
245 ## - TITLE STATEMENT
Title تجليا ت
Statement of responsibility, etc مہر عثما نی
246 ## - VARYING FORM OF TITLE
Title proper/short title Tajalliyat (Urdu)
Remainder of title by ‏Mehar Usmani
260 ## - PUBLICATION, DISTRIBUTION, ETC. (IMPRINT)
Place of publication, distribution, etc Aagra
Date of publication, distribution, etc 1944 ء
Name of publisher, distributor, etc Maktaba Qasarul Adab
270 ## - ADDRESS
Address Qasar Street Riasat Juna Garh,KathiyaWar
City U.P.
Telephone number -
Postal code -
300 ## - PHYSICAL DESCRIPTION
Extent 164 ص
Dimensions 22 cm(hb)
942 ## - ADDED ENTRY ELEMENTS (KOHA)
Source of classification or shelving scheme Dewey Decimal Classification
Item type Urdu Bks
Classification part 841
Call number suffix م ہ ر
Holdings
Withdrawn status Lost status Not for loan Collection code Home library Current library Date acquired Source of acquisition Cost, normal purchase price Full call number Barcode Copy number Cost, replacement price Koha item type
      Non-fiction Central Library Central Library 27/12/2019 BPPD/Ven. 2.00 841 م ہ ر 73315 1 2.00 Urdu Bks

© Delhi Public Library
Hit Counter
free hit counter